000 00443nam a2200181Ia 4500
005 20240930114831.0
008 131103s9999 xx 000 0 und d
040 _aLoreto College
041 _aEnglish
082 _a900
_bCHA
245 _aChapters in Western civilization
260 _aColumbia
_bColumbia University Press
_c1962
300 _a475p.
504 _aIncludes index
650 _aHistory
850 _aLCBED
942 _cBK
999 _c28908
_d79387